Capital Cities of the World (Alphabetical Order, No Hints) - Statistics

General Stats
  • This quiz has been taken 1,255 times
    652 since last reset
  • The average score is 146 of 197
Answer Stats
Answer % Correct
Amsterdam
91%
Berlin
90%
Lisbon
89%
London
89%
Madrid
89%
Washington, DC
89%
Athens
88%
Moscow
88%
Ankara
87%
Brasilia
87%
Brussels
87%
Helsinki
87%
Mexico City
87%
Oslo
87%
Ottawa
87%
Abu Dhabi
86%
Budapest
86%
Cairo
86%
Canberra
86%
Dublin
86%
New Delhi
86%
Paris
86%
Stockholm
86%
Addis Ababa
85%
Algiers
85%
Andorra la Vella
85%
Bangkok
85%
Beijing
85%
Bern
85%
Bogota
85%
Bucharest
85%
Buenos Aires
85%
Kiev
85%
Rome
85%
Baghdad
84%
Jerusalem
84%
Luxembourg
84%
Minsk
84%
Warsaw
84%
Amman
83%
Islamabad
83%
Jakarta
83%
Reykjavik
83%
Tokyo
83%
Abuja
82%
Accra
82%
Hanoi
82%
Havana
82%
Monaco
82%
Prague
82%
San Marino
82%
Seoul
82%
Wellington
82%
Bratislava
81%
Copenhagen
81%
Kabul
81%
Kingston
81%
Kingstown
81%
Lima
81%
Santiago
81%
Vatican City
81%
Baku
80%
Caracas
80%
Manila
80%
Montevideo
80%
Vienna
80%
Zagreb
80%
Astana
79%
Asuncion
79%
Beirut
79%
Dhaka
79%
Doha
79%
Georgetown
79%
Guatemala City
79%
Kathmandu
79%
La Paz
79%
Pyongyang
79%
Riga
79%
Tehran
79%
Damascus
78%
Djibouti
78%
Kuala Lumpur
78%
Quito
78%
Riyadh
78%
Tallinn
78%
Dakar
77%
Kuwait City
77%
Nairobi
77%
Panama City
77%
Port-au-Prince
77%
Rabat
77%
Sofia
77%
Tunis
77%
Vilnius
77%
Ljubljana
76%
Valletta
76%
Antananarivo
75%
Belgrade
75%
Brazzaville
75%
Chisinau
75%
Muscat
75%
Pretoria
75%
Sana'a
75%
San Salvador
75%
Singapore
75%
Skopje
75%
Tripoli
75%
Vaduz
75%
Belmopan
74%
Nicosia
74%
Pristina
74%
Tirana
74%
Khartoum
73%
Luanda
73%
Nassau
73%
Phnom Penh
73%
Podgorica
73%
Ulaanbaatar
73%
Yerevan
73%
Dili
72%
Kinshasa
72%
Port Moresby
72%
Santo Domingo
72%
Sarajevo
72%
Tbilisi
72%
Apia
71%
Asmara
71%
Bishkek
71%
Mogadishu
71%
San Jose
71%
Taipei
71%
Tashkent
71%
Ashgabat
70%
Freetown
70%
Male
70%
Managua
70%
Port of Spain
70%
Bamako
69%
Bridgetown
69%
Harare
69%
Juba
69%
Lusaka
69%
Paramaribo
69%
Windhoek
69%
Bandar Seri Begawan
68%
Kampala
68%
Vientiane
68%
Bissau
67%
Dushanbe
67%
Lome
67%
Manama
67%
Tegucigalpa
67%
Dodoma
66%
Kigali
66%
Sri Jayawardenapura Kotte
66%
Victoria
66%
Bangui
65%
Banjul
65%
Gaborone
65%
Monrovia
65%
St John's
65%
Libreville
64%
Castries
63%
Maputo
63%
Naypyidaw
63%
St George's
63%
Suva
63%
Funafuti
62%
Sao Tome
62%
Thimphu
62%
Yaounde
62%
Basseterre
61%
Conakry
61%
N'Djamena
61%
Niamey
60%
Ouagadougou
60%
Port Louis
60%
Gitega
59%
Lilongwe
59%
Nouakchott
59%
Praia
59%
Roseau
59%
Honiara
58%
Mbabane
58%
Porto-Novo
58%
Maseru
57%
Moroni
57%
Port Vila
57%
Malabo
56%
Nuku'alofa
55%
Yamoussoukro
55%
Yaren
54%
Majuro
51%
Palikir
51%
Ngerulmud
48%
Tarawa
47%
Ramallah
26%
No matching quizzes found
Score Distribution
Percent of People with Each Score
Percentile by Number Answered
Your Score History
You have not taken this quiz since the last reset